Mnisi w polskim mieście średniowiecznym
| Titel: | Mnisi w polskim mieście średniowiecznym |
|---|---|
| Verfasser: | |
| In: |
Ecclesia et civitas, (2002), Seite 143-160 alle Artikel anzeigen |
| Veröffentlicht: | 2002 |
| Format: | Aufsatz |
| Sprache: | Polnisch |
X
alg: 39365625 001A $01999:12-11-16 001B $01999:25-05-21 $t21:46:11.000 001D $01999:12-11-16 001U $0utf8 001X $00 002@ $0Aox 003@ $039365625X 007A $039365625X $aHEB 007T $0Herdk22547 010@ $apol 011@ $a2002 021A $aMnisi w polskim mieście średniowiecznym 028A $#Derwich, Marcus $7 $8Derwich, Marek [Tnd] $9138980675 031A $h143-160 $j2002 039B $aIn $8--Aau--. Ecclesia et civitas. - Warszawa : Inst. Historii Polskiej Akad. Nauk, 2002. - 534 S.. - Ill.. - ISBN 83-86301-98-8 $x200200000000000857 $9115177019 045F $a200.94380902 $eDDC23BSB 045F/01 $a200.9 045F/03 $f0902 045F/03 $g438 lok: 39365625 78 exp: 39365625 78 1 #EPN 201B/01 $018-11-16 $t09:25:49.000 201U/01 $0utf8 203@/01 $0789766744 208@/01 $a12-11-16 $be 209A/01 $a/ $f000 $x00 220C/01 $aTitelaufnehmer: pbb 220C/01 $aHerkunft: IH PAN/PBB Kraków 244Z/01 $2Trx $#Poola $#Lenkija $#Polija $#Polen Land $#Poland $#Lengyelország $#Poľsko $#Polsko $8--Trx--Polska$gkraj $x01 $9391345966 244Z/01 $aGeschichte 1000-1500 $x02 244Z/01 $2Trx $#munklus $#dvasininkai vienuoliai? $#monks $#szerzetesség $#duchowieństwo zakonne $#duchovenstvo rádov $#duchovenstvo řádové $#Nonnen $#mníšky $#jeptišky $8--Trx--Mönchtum $x03 $9391371770 244Z/01 $2Trx $#linnarahvastik $#miesto gyventojai $#city dwellers $#város-lakosság $#ludność miejska $#obyvateľstvo mestské $#obyvatelstvo městské $8--Trx--Stadtbevölkerung $x04 $9391353233 244Z/01 $2Trx $8--Trx--Einzelbeiträge $x05 $9391384570 245Z/01 $a10.02.01 $x01 247C/01 $82080>Marburg/Lahn, Herder-Institut, Forschungsbibliothek, Bibliographieportal $9336309341
| LEADER | 00000caa a22000002c 4500 | ||
|---|---|---|---|
| 001 | 39365625X | ||
| 003 | DE-603 | ||
| 005 | 20210525214611.0 | ||
| 007 | tu | ||
| 008 | 161112s2002 xx |||| | u00||u|pol c | ||
| 035 | |a (DE-599)HEB39365625X | ||
| 040 | |a DE-603 |b ger |c DE-603 |d DE-603 | ||
| 041 | |a pol | ||
| 082 | 0 | 4 | |8 1\u |a 200.94380902 |q DE-101 |2 23/BSB |
| 085 | |8 1\u |b 200.9 | ||
| 085 | |8 1\u |z 1 |s 0902 | ||
| 085 | |8 1\u |z 2 |s 438 | ||
| 100 | 1 | |a Derwich, Marek |0 (DE-603)138980675 | |
| 245 | 0 | 0 | |a Mnisi w polskim mieście średniowiecznym |
| 264 | 0 | |c 2002 | |
| 773 | 0 | 8 | |i In |t Ecclesia et civitas |d Warszawa : Inst. Historii Polskiej Akad. Nauk, 2002 |h 534 S., Ill. |z 8386301988 |g (2002), Seite 143-160 |w (DE-603)115177019 |
| 924 | 0 | |9 2080 |a (DE-603)789766744 |b DE-2080 |c HES |d d |g / | |


